Estatísticas para Bandeiras dos países da África

Clique aqui para jogar o quiz

Estatísticas Gerais

  • Esse quiz foi jogado 197 vezes
  • A pontuação média é 45 de 58

Estatísticas das Respostas

Resposta% Correto
África do Sul
99%
Angola
99%
Egito
93%
Marrocos
90%
Níger
90%
Tunísia
90%
Camarões
89%
Costa do Marfim
89%
Nigéria
89%
Botsuana
88%
Madagascar
87%
Moçambique
87%
Quênia
87%
Rep. Dem. do Congo
87%
Rep. do Congo
87%
Senegal
87%
Uganda
87%
Argélia
86%
Gana
86%
Cabo Verde
85%
Chade
85%
Libéria
85%
Zâmbia
85%
Essuatíni (Suazilândia)
84%
Lesoto
84%
Etiópia
83%
Guiné
83%
Malawi
83%
Rep. Centroafricana
83%
Somália
83%
Zimbábue
83%
Seychelles
82%
Guiné-Bissau
81%
Sudão
81%
Guiné-Equatorial
79%
Ilhas Maurício
79%
Mauritânia
79%
Sudão do Sul
79%
Togo
79%
Serra Leoa
78%
Comores
77%
Gabão
77%
Mali
77%
Líbia
76%
Burkina Faso
75%
Burundi
75%
Namíbia
73%
Benin
72%
Ruanda
72%
Tanzânia
72%
Eritreia
71%
São Tomé e Príncipe
70%
Gâmbia
69%
Djibouti
66%
Mayotte (Território francês)
36%
Saara Ocidental (Estado não reconhecido ou em disputa)
26%
Reunião (Território francês)
18%
Somalilândia (Estado não reconhecido ou em disputa)
17%

Distribuição das Pontuações

Percentil de Números Respondidos

Porcentagem de Pessoas com Cada Pontuação

Sua Pontuação Histórica

Você não jogou esse quiz